Virtual Environments for Teaching and Learning /

Este libro aborda el tema de los ambientes virtuales para la enseñanza y el aprendizaje. Puesto que existe la tendencia creciente a ofrecer cursos virtuales y una enorme proporción de universidades están en el proceso de desarrollar cursos en un ambiente virtual, esta obra presenta las ventajas que...

Celý popis

Uloženo v:
Podrobná bibliografie
Další autoři: Jain, L.C. (autor) (autor)
Médium: Kniha
Jazyk:angličtina
Vydáno: Nueva Jersey, EUA : World Scientific, 2002, c2002
Edice:(Series on Innovative Intelligence ; 1)
Témata:
Tagy: Přidat tag
Žádné tagy, Buďte první, kdo vytvoří štítek k tomuto záznamu!

MARC

LEADER 00000nam^a2200000^a^4500
001 000156938
005 20250521000000.0
009 20260310100521.747
020 |a 981-238-167-8 
037 |a Acervo ITESO - Biblioteca 
041 |a ING 
082 |a 374.  |b VIR 
245 0 0 |a Virtual Environments for Teaching and Learning /  |c Ed. de L.C. Jain... [et al.]. ; pról. de Peter H. Sydenham. 
264 4 |a Nueva Jersey, EUA :  |b World Scientific,  |c 2002, c2002 
300 |a XI, 405 p. 
336 |a texto  |b txt  |2 rdacontenido 
337 |a sin mediación  |b n  |2 rdamedio 
338 |a volumen  |b nc  |2 rdasoporte 
440 1 |a (Series on Innovative Intelligence ;  |v 1) 
520 |a Este libro aborda el tema de los ambientes virtuales para la enseñanza y el aprendizaje. Puesto que existe la tendencia creciente a ofrecer cursos virtuales y una enorme proporción de universidades están en el proceso de desarrollar cursos en un ambiente virtual, esta obra presenta las ventajas que ello implica. Según el autor, una de las ventajas es que los programas virtuales pueden alcanzar a profesionistas que de otra manera tendrían que dejas sus empleos para seguir un grado. 
649 |a XX 
650 |a Internet 
650 |a Computadoras en la Educación 
650 |a Video en la Educación 
650 |a Tecnologías de Comunicación e Información 
650 |a Tecnología Educativa 
650 |a Apoyos Didácticos 
650 |a Didáctica 
650 |a Tutoría 
650 |a Metodología Educativa 
650 |a Proceso Educativo 
650 |a Educación a Distancia 
650 |a Educación 
700 |a Jain, L.C.  |e (autor) 
910 |a Fondo General 
920 |a Impresos - Libros 
930 |a Colección General 
905 |a 101 
901 |a 0500083950  |b IT1  |c ACC  |u 20250521 
902 |a https://opac.biblio.iteso.mx/vufind/Record/000156938